000 00721nam a2200253 i 4500
001 C2-0321257
003 PPAK
005 20201026103141.0
008 130204s2012 my |||| ||||| | may d
020 _a9789670342481
040 _aPPAK
_beng
_cPPAK
_erda
082 0 4 _a899.233
_223
090 0 0 _a899.233
_bSHA
_dG
100 0 _aShahriah Abdullah,
_eauthor
245 1 0 _aKERANA SEBIJI Epal /
_cShahriah Abdullah.
264 1 _aShah Alam, Selangor :
_bGrup Buku Karangkraf ,
_c2012
300 _a604 pages ;
_c18 cm
336 _2rdacontent
_atext
337 _2rdamedia
_aunmediated
338 _2rdacarrier
_avolume
650 1 0 _aMalay fiction
700 0 _aMohd Ali Haji Mohd Noor,
_eeditor
942 _cB
_2ddc
999 _c121765
_d121765